[Event "Porec op"]
[Site "Porec"]
[Date "2008.12.05"]
[Round "4"]
[White "Senjic, Pero"]
[Black "Engelhardt, Robin"]
[Result "0-1"]
[WhiteElo "1965"]
[BlackElo "2000"]
[PlyCount "68"]
[EventDate "2008.12.04"]
[EventType "swiss"]
[EventRounds "7"]
[EventCountry "CRO"]
[SourceTitle "CBM 127 Extra"]
[Source "ChessBase"]
[SourceDate "2009.01.08"]
[SourceVersion "2"]
[SourceVersionDate "2009.01.28"]
[SourceQuality "1"]

1. d4 Nf6 2. c4 e6 3. Nc3 Bb4 4. Qc2 c5 5. e3 b6 6. Nf3 Bb7 7. Be2 Ne4 8. 0-0 Bxc3 9. bxc3 0-0 10. Bd3 f5 11. Ne1 Qh4 12. f3 Nf6 13. Ba3 d6 14. Rb1 Nbd7 15. Be2 Rae8 16. Bc1 e5 17. d5 e4 18. g3 Qh6 19. Ng2 g5 20. f4 Kh8 21. fxg5 Qxg5 22. Nf4 Ne5 23. Rf2 Bc8 24. a4 Nfg4 25. Bxg4 Qxg4 26. a5 bxa5 27. Rb5 Ba6 28. Rxa5 Bxc4 29. Rxa7 Rf6 30. Qa4 Rg8 31. Bd2 Rh6 32. Re7 Rxh2 33. Rxh2 Qxg3+ 34. Rg2 Nf3+ 0-1

[Event "Porec op"]
[Site "Porec"]
[Date "2007.12.06"]
[Round "2"]
[White "Engelhardt, Robin"]
[Black "Milasincic, Stjepan"]
[Result "0-1"]
[WhiteElo "2031"]
[BlackElo "1676"]
[PlyCount "104"]
[EventDate "2007.12.06"]
[EventType "swiss"]
[EventRounds "7"]
[EventCountry "CRO"]
[SourceTitle "CBM 121 Extra"]
[Source "ChessBase"]
[SourceDate "2008.01.10"]
[SourceVersion "1"]
[SourceVersionDate "2008.01.10"]
[SourceQuality "1"]

1. e4 c6 2. d4 d6 3. a4 g6 4. Be2 Bg7 5. Nc3 e5 6. Nf3 Bg4 7. Be3 Bxf3 8. Bxf3 Ne7 9. Qd2 0-0 10. g4 Nd7 11. 0-0-0 b5 12. axb5 cxb5 13. Nxb5 Qb6 14. Be2 a6 15. Na3 Qb7 16. f3 Rab8 17. Nc4 Rfc8 18. c3 exd4 19. Nxd6 dxe3 20. Qc2 Qc7 21. f4 Rf8 22. h4 Nc5 23. Bc4 Qa5 24. e5 Qa1+ 25. Qb1 Qa4 26. Rhe1 Nb3+ 27. Bxb3 Rxb3 28. Rd4 Qc6 29. Rxe3 Qh1+ 30. Rd1 Qxh4 31. Qe4 Qxg4 32. Rh1 h6 33. Re2 a5 34. Rg2 Qe6 35. Rhg1 Rb6 36. Qa4 Rxd6 37. exd6 Qxd6 38. Rd1 Qf6 39. Rd7 Nf5 40. Rgd2 Qb6 41. Qe4 Qb3 42. Rb7 Qa2 43. Rdd7 a4 44. Ra7 Qa1+ 45. Kc2 Qf1 46. Rxa4 Qf2+ 47. Kb1 Qf1+ 48. Ka2 Qb5 49. Rb7 Qc5 50. Rc4 Ra8+ 51. Kb1 Qg1+ 52. Kc2 Ne3+ 0-1